<?xml version="1.0" encoding="UTF-8"?>
<collection xmlns="http://www.loc.gov/MARC21/slim">
 <record>
  <leader>01625nam a22002057a 4500</leader>
  <controlfield tag="001">NCT_129816</controlfield>
  <controlfield tag="008">220530b        xxu||||| |||| 00| 0 vie d</controlfield>
  <datafield tag="999" ind1=" " ind2=" ">
   <subfield code="c">6661</subfield>
   <subfield code="d">6661</subfield>
  </datafield>
  <datafield tag="020" ind1=" " ind2=" ">
   <subfield code="a">9786049963582</subfield>
   <subfield code="c">199000</subfield>
  </datafield>
  <datafield tag="082" ind1="0" ind2="4">
   <subfield code="2">23rd ed.</subfield>
   <subfield code="a">658.816</subfield>
   <subfield code="b">B778</subfield>
  </datafield>
  <datafield tag="100" ind1="1" ind2=" ">
   <subfield code="a">Bouter, Ernst-Jan</subfield>
  </datafield>
  <datafield tag="245" ind1="1" ind2="0">
   <subfield code="a">Những nguyên tắc định giá sản phẩm thỏa mãn người dùng =</subfield>
   <subfield code="b">Pricing: The third business skill: Hóa giải những &quot;truyền thuyết&quot; về định giá và bí quyết định giá dựa trên thiện chí chi trả của khách hàng</subfield>
   <subfield code="c">Ernst-Jan Bouter ; Lương Ngọc Phương Anh (dịch)</subfield>
  </datafield>
  <datafield tag="260" ind1=" " ind2=" ">
   <subfield code="a">H.</subfield>
   <subfield code="b">Công Thương</subfield>
   <subfield code="c">2020</subfield>
  </datafield>
  <datafield tag="300" ind1=" " ind2=" ">
   <subfield code="c">24cm</subfield>
   <subfield code="a">268 tr.</subfield>
   <subfield code="b">Minh họa</subfield>
  </datafield>
  <datafield tag="520" ind1="3" ind2=" ">
   <subfield code="a">Cuốn sách này đề cập tới những vấn đề như trình bày rõ ràng, ngắn gọn về cách đặt giá bán tối ưu cho sản phẩm của công ty bạn, thiết lập chức năng định giá chất lượng cao nhờ sử dụng các mô hình dễ hiểu. Tác giả cũng không quên đưa ra những ví dụ thực tiễn về việc Google, Linkedln, Apple, BMW, Gillette và các công ty thành công khác đạt được lợi nhuận cao. </subfield>
  </datafield>
  <datafield tag="653" ind1=" " ind2=" ">
   <subfield code="a">Quản trị kinh doanh</subfield>
  </datafield>
  <datafield tag="700" ind1="1" ind2="0">
   <subfield code="a">Lương Ngọc Phương Anh </subfield>
   <subfield code="e">Dịch</subfield>
  </datafield>
  <datafield tag="942" ind1=" " ind2=" ">
   <subfield code="2">ddc</subfield>
   <subfield code="c">BK</subfield>
  </datafield>
  <datafield tag="952" ind1=" " ind2=" ">
   <subfield code="0">0</subfield>
   <subfield code="1">0</subfield>
   <subfield code="2">ddc</subfield>
   <subfield code="4">0</subfield>
   <subfield code="6">658_816000000000000_B778</subfield>
   <subfield code="7">0</subfield>
   <subfield code="9">24534</subfield>
   <subfield code="a">000001</subfield>
   <subfield code="b">000001</subfield>
   <subfield code="d">2022-05-30</subfield>
   <subfield code="o">658.816 B778</subfield>
   <subfield code="p">MD.19549</subfield>
   <subfield code="r">2022-05-30</subfield>
   <subfield code="v">199000.00</subfield>
   <subfield code="w">2022-05-30</subfield>
   <subfield code="y">BK</subfield>
  </datafield>
  <datafield tag="980" ind1=" " ind2=" ">
   <subfield code="a">Thư viện Trường Đại học Nam Cần Thơ</subfield>
  </datafield>
 </record>
</collection>
